Представление документа в формате RUSMARC

ПолеНазваниеЗначение
  Тип записи a
  Библиографический уровень a
001 Контрольный номер RU/CBS_Ul/BASE/481725977
005 Дата корректировки 20240209175147.1
100 Данные общей обработки __
a Данные общей обработки 20150407d2015 ||| 0rusy0189 ca
101 Язык документа 0_
a Язык текста rus
102 Страна публикации __
a Страна публикации RU
105 Кодированные данные (монография) __
a Кодированные данные (монография) y###||||000|y
200 Заглавие и сведения об ответственности 1_
a Заглавие Водяные лилии, укроп...
b Общее обозначение материала Текст
e Сведения, относящиеся к заглавию [открытка в винтажном стиле]
f Первые сведения об ответственности Е. Беляшова
300 Общие примечания __
a Общие примечания Ограничения по возрасту - 12+
461 Уровень набора _0
1 2000
a Делаем сами
463 Уровень физической единицы _0
1 001RU/CBS_Ul/BASE/481046476
1 2000
a № 4
v С. 30-31
1 210
d 2014
606 Тематические рубрики 0_
a Основная рубрика Поделки - Изготовление
610 Ключевые слова 0_
a Ключевые слова скрапбукинг
a Ключевые слова поделки
a Ключевые слова открытки самодельные
686 Индексы других классификаций __
a Классификационный индекс 37.248
2 Код системы ББК
700 Автор _1
a Фамилия Беляшова
b Имя (инициалы) Е.
801 Источник записи _0
a Страна RU
b Организация МБУК ЦБС г. Ульяновска
c Дата составления 20150407
g Правила каталогизации RCR
801 Источник записи _1
a Страна RU
b Организация МБУК ЦБС г. Ульяновска
c Дата составления 20150407
g Правила каталогизации RCR
901 Тип документа __
t Тип документа b
w Контрольный № источника RU/CBS_Ul/BASE/481046476
910 Корректоры записи __
a Корректор записи Библиотека 28
938 Служебная информация __
a Имя БД period